| 000 | 00523nam a2200217Ia 4500 | ||
|---|---|---|---|
| 005 | 20241216010224.0 | ||
| 008 | 180423s9999||||xx |||||||||||||| ||und|| | ||
| 082 |
_a985.00498 _bL54 |
||
| 100 | _aLEVILLIER, ROBERTO | ||
| 245 | 0 | _aLOS INCAS | |
| 250 | _a0 | ||
| 260 |
_aSEVILLA-ESPAÑA _bG.E.H.A. _c1956 |
||
| 300 |
_a259 pag. _c21 cm |
||
| 341 | _h0 | ||
| 490 |
_v0 _a0 |
||
| 505 | _aIMPERIO-INCAICO | ||
| 541 |
_aC _d06-Oct-93 |
||
| 650 | _aHISTORIA, GEOGRAFIA, BIOGRAFIAS | ||
| 856 | _zHumanidades | ||
| 942 | _cLIBRO | ||
| 999 |
_c8745 _d8745 |
||